[Event "ESP-chT CECLUB Div2"]
[Site "Linares"]
[Date "2018.08.17"]
[Round "6.7"]
[White "Barranco Cara, Francisco Javier"]
[Black "Herrera Delgado, Alejandro"]
[Result "0-1"]
[WhiteElo "2149"]
[BlackElo "2248"]
[PlyCount "96"]
[EventDate "2018.08.14"]
[EventType "team-swiss"]
[EventRounds "7"]
[EventCountry "ESP"]
[SourceTitle "CBM 186 Extra"]
[Source "ChessBase"]
[SourceDate "2018.08.24"]
[SourceVersion "1"]
[SourceVersionDate "2018.08.24"]
[SourceQuality "1"]
[WhiteTeam "Ajedrez Roquetas"]
[BlackTeam "Oromana Broncesval"]
[WhiteTeamCountry "ESP"]
[BlackTeamCountry "ESP"]

1. d4 Nf6 2. Nf3 c5 3. d5 e6 4. c4 exd5 5. cxd5 d6 6. Nc3 g6 7. e4 Bg7 8. h3 0-0 9. Bd3 a6 10. a4 Nbd7 11. 0-0 Nh5 12. Be3 Re8 13. Qd2 Rb8 14. g4 Nhf6 15. Bf4 c4 16. Bxc4 b5 17. axb5 axb5 18. Bd3 Nc5 19. e5 b4 20. exf6 bxc3 21. bxc3 Nb3 22. Qd1 Qxf6 23. Bg5 Qxc3 24. Rb1 Bd7 25. Kg2 Ba4 26. Bc2 Rec8 27. Bxb3 Bxb3 28. Qe1 Qd3 29. Qe3 Qxe3 30. Bxe3 Bxd5 31. Rxb8 Rxb8 32. Rd1 Rb5 33. Kg3 Bf6 34. Bh6 Bb2 35. Nd4 Ra5 36. Rb1 Ra2 37. Nb5 f6 38. Bf4 Bc6 39. Nxd6 g5 40. Nf5 gxf4+ 41. Kxf4 Be5+ 42. Ke3 Kf7 43. Rb6 Ra3+ 44. Ke2 Bf3+ 45. Kd2 Bf4+ 46. Kc2 Be4+ 47. Kb2 Rxh3 48. Rb4 Be5+ 0-1

[Event "Almansa op 6th"]
[Site "Almansa"]
[Date "2011.08.12"]
[Round "6"]
[White "Barranco Cara, Francisco Javier"]
[Black "Plaza Agudo, Juan Francisco"]
[Result "1-0"]
[WhiteElo "2120"]
[BlackElo "2035"]
[PlyCount "79"]
[EventDate "2011.08.09"]
[EventType "swiss"]
[EventRounds "9"]
[EventCountry "ESP"]
[SourceTitle "CBM 144 Extra"]
[Source "ChessBase"]
[SourceDate "2011.10.28"]
[SourceVersion "1"]
[SourceVersionDate "2011.10.28"]
[SourceQuality "1"]

1. d4 d5 2. Nf3 Nf6 3. c4 c6 4. Nc3 dxc4 5. a4 Bf5 6. e3 e6 7. Bxc4 Bb4 8. 0-0 0-0 9. Qe2 Bg4 10. h3 Bh5 11. g4 Bg6 12. Ne5 Nd5 13. Bd2 Nxc3 14. bxc3 Bd6 15. Nxg6 hxg6 16. f4 Nd7 17. e4 Nb6 18. Bb3 c5 19. a5 Nd7 20. e5 Bc7 21. f5 cxd4 22. cxd4 Re8 23. fxg6 fxg6 24. Qe4 Nxe5 25. Be3 Nc6 26. Rad1 Qh4 27. Rf3 Rf8 28. Bxe6+ Kh8 29. Bf2 Qh6 30. Rdd3 Rxf3 31. Rxf3 Re8 32. h4 Nd8 33. g5 Qh5 34. d5 Nxe6 35. dxe6 Kh7 36. Kg2 Re7 37. Bc5 Re8 38. Bf8 Qxf3+ 39. Qxf3 Rxe6 40. Qf7 1-0

[Event "Andalucia-ch"]
[Site "Roquetas Almeria"]
[Date "2011.05.27"]
[Round "4.2"]
[White "Teran Alvarez, Ismael"]
[Black "Barranco Cara, Francisco Javier"]
[Result "1-0"]
[WhiteElo "2435"]
[BlackElo "2122"]
[PlyCount "41"]
[EventDate "2011.05.14"]
[EventType "swiss"]
[EventRounds "8"]
[EventCountry "ESP"]
[SourceTitle "EXT 2024"]
[Source "ChessBase"]
[SourceDate "2023.10.10"]
[SourceVersion "1"]
[SourceVersionDate "2023.10.10"]
[SourceQuality "1"]

1. c4 Nf6 2. g3 d5 3. cxd5 Nxd5 4. Bg2 Nb6 5. Nf3 g6 6. Nc3 Bg7 7. 0-0 0-0 8. d3 Nc6 9. Be3 e5 10. Rc1 Be6 11. Ng5 Bd7 12. Nge4 Qe7 13. Bc5 Qe8 14. Nb5 Rc8 15. Bxf8 Qxf8 16. Nc5 a6 17. Nxd7 Nxd7 18. Bxc6 bxc6 19. Na7 Rb8 20. Qc2 e4 21. Qxc6 1-0

[Event "ESP-ch Universities"]
[Site "Alicante"]
[Date "2011.05.09"]
[Round "3"]
[White "Martin Fuentes, Alberto"]
[Black "Barranco Cara, Francisco Javier"]
[Result "1-0"]
[WhiteElo "2322"]
[BlackElo "2122"]
[PlyCount "89"]
[EventDate "2011.05.09"]
[EventType "team-swiss"]
[EventRounds "9"]
[EventCountry "ESP"]
[SourceTitle "CBM 142 Extra"]
[Source "ChessBase"]
[SourceDate "2011.06.27"]
[SourceVersion "1"]
[SourceVersionDate "2011.06.27"]
[SourceQuality "1"]

1. e4 c5 2. Nc3 d6 3. d3 Nc6 4. g3 g6 5. Bg2 Bg7 6. Be3 Nf6 7. h3 0-0 8. Qd2 Nd4 9. Nd1 e5 10. c3 Ne6 11. Nf3 Nh5 12. Ng5 Nxg5 13. Bxg5 f6 14. Bh6 f5 15. Bxg7 Kxg7 16. Bf3 Nf6 17. h4 h5 18. Ne3 f4 19. gxf4 exf4 20. Nc2 Be6 21. a3 d5 22. e5 Ng4 23. d4 c4 24. Bd1 Qe7 25. f3 Nh6 26. Kf2 Kh7 27. Be2 Rf7 28. Rag1 Raf8 29. Ne1 b5 30. Bd1 a5 31. Rg5 Qd7 32. Rhg1 Bf5 33. Bc2 Rg8 34. Bxf5 Rxf5 35. Rxf5 Qxf5 36. Rg5 Qf7 37. Ng2 Rf8 38. a4 b4 39. cxb4 axb4 40. Qxb4 Nf5 41. e6 Qf6 42. Qc5 Rb8 43. Qc7+ Kh6 44. Qxb8 Qxd4+ 45. Kf1 1-0

[Event "Benidorm op U2300 07th"]
[Site "Benidorm"]
[Date "2008.12.04"]
[Round "6"]
[White "Scherer, Helmut"]
[Black "Barranco Cara, Francisco Javier"]
[Result "1-0"]
[WhiteElo "2299"]
[BlackElo "2060"]
[PlyCount "68"]
[EventDate "2008.11.29"]
[EventType "swiss"]
[EventRounds "9"]
[EventCountry "ESP"]
[SourceTitle "CBM 127 Extra"]
[Source "ChessBase"]
[SourceDate "2009.01.08"]
[SourceVersion "2"]
[SourceVersionDate "2009.01.28"]
[SourceQuality "1"]

1. e4 c5 2. Nf3 d6 3. Bb5+ Nd7 4. d4 cxd4 5. Qxd4 Ngf6 6. Bg5 e6 7. Nc3 Be7 8. 0-0-0 0-0 9. Rhe1 a6 10. Bxd7 Bxd7 11. Bxf6 Bxf6 12. e5 Be7 13. exd6 Bf6 14. Ne5 Qa5 15. f4 Rac8 16. g4 b5 17. Kb1 Rc4 18. Nxc4 bxc4 19. Re5 Qb4 20. Qc5 Qb8 21. Qc7 Bxe5 22. fxe5 Qc8 23. Rd4 f6 24. exf6 Rxf6 25. Qxc8+ Bxc8 26. d7 Rf1+ 27. Nd1 Bxd7 28. Rxd7 Rf4 29. h3 Rf3 30. Rd4 Rxh3 31. Rxc4 h5 32. gxh5 Rxh5 33. Kc1 g5 34. Kd2 Rh8 1-0

[Event "Jorge Alvarez Memorial 13th"]
[Site "El Ejido"]
[Date "2007.07.09"]
[Round "1"]
[White "Barria Zuniga, Daniel"]
[Black "Barranco Cara, Francisco Javier"]
[Result "1-0"]
[WhiteElo "2451"]
[BlackElo "1887"]
[PlyCount "93"]
[EventDate "2007.07.09"]
[EventType "swiss"]
[EventRounds "9"]
[EventCountry "ESP"]
[SourceTitle "EXT 2008"]
[Source "ChessBase"]
[SourceDate "2007.11.25"]
[SourceVersion "1"]
[SourceVersionDate "2007.11.25"]
[SourceQuality "1"]

1. d4 Nf6 2. c4 g6 3. Nc3 Bg7 4. e4 d6 5. Nf3 0-0 6. Be2 Nbd7 7. 0-0 e5 8. Re1 c6 9. Bf1 h6 10. Rb1 a5 11. a3 Nh7 12. d5 c5 13. Nb5 Qe7 14. g3 Ndf6 15. Bg2 Ne8 16. Bd2 f5 17. Nh4 Qf7 18. exf5 gxf5 19. f4 Bd7 20. Nxd6 Nxd6 21. fxe5 Bxe5 22. Rxe5 Nxc4 23. Re1 Nxd2 24. Qxd2 Ng5 25. d6 Ne4 26. Qxh6 Qf6 27. Qxf6 Rxf6 28. Nxf5 Bxf5 29. Bxe4 Bxe4 30. Rxe4 Rxd6 31. Rbe1 Rd2 32. R1e2 Rad8 33. Re8+ Rxe8 34. Rxd2 Re7 35. Kf2 Kf7 36. Kf3 b5 37. h4 c4 38. Rd5 Rc7 39. Rxb5 c3 40. bxc3 Rxc3+ 41. Kf4 Rxa3 42. g4 Ra1 43. Rb7+ Kf8 44. Kf5 a4 45. Ra7 a3 46. g5 a2 47. Kg6 1-0

[Event "Benidorm op U2000 06th"]
[Site "Benidorm"]
[Date "2007.??.??"]
[Round "2"]
[White "Barranco Cara, Francisco Javier"]
[Black "Perez Cameselle, Francisco Jose"]
[Result "1-0"]
[WhiteElo "1915"]
[BlackElo "2015"]
[PlyCount "95"]
[EventDate "2007.11.??"]
[EventType "swiss"]
[EventRounds "9"]
[EventCountry "ESP"]
[SourceTitle "EXT 2010"]
[Source "ChessBase"]
[SourceDate "2010.11.25"]
[SourceVersion "1"]
[SourceVersionDate "2010.11.25"]
[SourceQuality "1"]

1. d4 Nf6 2. c4 c5 3. d5 b5 4. cxb5 a6 5. bxa6 Bxa6 6. Nc3 g6 7. g3 Bg7 8. Bg2 d6 9. Nf3 0-0 10. 0-0 Nbd7 11. Qc2 Qb6 12. h3 Rfb8 13. Rb1 Ne8 14. Bg5 Ndf6 15. b3 Nc7 16. Rfd1 Nb5 17. Nxb5 Qxb5 18. Bf1 h6 19. Bf4 Qb4 20. Bd2 Qe4 21. Qxe4 Nxe4 22. Be1 Bb7 23. a4 Nf6 24. e4 Nxe4 25. Bb5 Nc3 26. Bxc3 Bxc3 27. Rd3 Bf6 28. Nd2 Bc8 29. g4 h5 30. f3 Ba6 31. Bxa6 Rxa6 32. Kf1 Rab6 33. Ke2 Rb4 34. Rg1 hxg4 35. Rxg4 Be5 36. Rxb4 Rxb4 37. Nc4 Kg7 38. a5 Kf6 39. Rd2 Rb7 40. a6 Ra7 41. Ra2 e6 42. Nb6 c4 43. bxc4 Bd4 44. Nc8 Ra8 45. Nxd6 exd5 46. Nb5 Bb6 47. cxd5 Ke7 48. Kd3 1-0

[Event "Benidorm op U2000 06th"]
[Site "Benidorm"]
[Date "2007.??.??"]
[Round "3"]
[White "Tung, Siu Hung"]
[Black "Barranco Cara, Francisco Javier"]
[Result "0-1"]
[WhiteElo "1975"]
[BlackElo "1915"]
[PlyCount "91"]
[EventDate "2007.11.??"]
[EventType "swiss"]
[EventRounds "9"]
[EventCountry "ESP"]
[SourceTitle "EXT 2010"]
[Source "ChessBase"]
[SourceDate "2010.11.25"]
[SourceVersion "1"]
[SourceVersionDate "2010.11.25"]
[SourceQuality "1"]

1. e4 c5 2. Nf3 d6 3. d4 cxd4 4. Nxd4 Nf6 5. Nc3 a6 6. a4 e5 7. Nb3 Be6 8. Be2 Be7 9. 0-0 0-0 10. Be3 Nbd7 11. Kh1 Rc8 12. f4 exf4 13. Rxf4 Ne5 14. Nd4 Bc4 15. Nf5 Re8 16. Bd4 Bf8 17. Qe1 Bxe2 18. Qxe2 d5 19. Rd1 Qc7 20. Rdf1 Kh8 21. Qf2 dxe4 22. Nxe4 Nd5 23. Rh4 Ng6 24. Rh3 Rxe4 25. Qd2 Ndf4 26. Rc3 Qb8 27. Rcf3 Re2 28. Qd1 Rcxc2 29. Bf2 Red2 30. Qa1 Nd3 31. Bg3 Qc8 32. Qa2 Qe6 33. Qxe6 fxe6 34. Nd4 Rc1 35. Nxe6 Rdd1 36. Kg1 Bc5+ 37. Nxc5 Rxf1+ 38. Rxf1 Rxf1+ 39. Kxf1 Nxc5 40. a5 Kg8 41. Ke2 Kf7 42. Bd6 Ne4 43. Bb4 Ke6 44. Ke3 Kd5 45. b3 Ne5 46. h3 0-1